00395nam a2200121Ia 4500008004100000082002100041100002200062245003500084260004400119300000900163630001800172650008300190211109s9999||||xx |||||||||||||| ||und|| a894.81209bBAL-K aBalakrishnan, P K 0aKaaviyakala Kumaranassaniloode bSahithya Pravarthaka...aKottayamc1978 a350p xGeneral stack aMalayalam LiteraturevMalayalam Literary DescriptionxLiterary TheoryGeneralia